Loading...
| History - European | 0 | 9 | 0 | 0 | 90 | 42 | 65.89 | 4 | 7 | 39.91 | 63.48 |
| History - World | 0 | 8 | 0 | 0 | 80 | 36 | 63.25 | 2 | 7 | 35.41 | 60.40 |
| History - Other | 0 | 7 | 0 | 1 | 70 | 18 | 71.43 | 2 | 4 | 26.42 | 47.96 |
| Religion | 0 | 7 | 1 | 2 | 65 | 49 | 99.43 | 1 | 3 | 14.40 | 36.09 |
| History - American | 0 | 5 | 1 | 0 | 45 | 51 | 87.20 | 1 | 3 | 13.86 | 26.41 |
| Mythology | 0 | 4 | 0 | 1 | 40 | 50 | 80.25 | 0 | 2 | 15.20 | 25.39 |
| Science - Chemistry | 0 | 5 | 2 | 0 | 40 | 35 | 52.80 | 2 | 4 | 25.00 | 34.55 |
| Literature - European | 0 | 4 | 0 | 1 | 40 | 69 | 111.00 | 1 | 1 | 7.27 | 17.95 |
| Social Science | 0 | 3 | 0 | 0 | 30 | 43 | 66.67 | 1 | 2 | 12.42 | 21.14 |
| Science - Biology | 0 | 3 | 0 | 0 | 30 | 74 | 82.33 | 0 | 2 | 8.85 | 20.99 |
| Literature - British | 0 | 2 | 0 | 1 | 20 | 137 | 137.50 | 0 | 0 | 0.07 | 5.76 |
| Fine Arts - Visual | 0 | 2 | 0 | 0 | 20 | 103 | 108.50 | 0 | 0 | 3.27 | 9.09 |
| Literature - World/Other | 0 | 2 | 0 | 1 | 20 | 122 | 136.00 | 0 | 0 | 1.34 | 4.65 |
| Fine Arts - Other | 0 | 1 | 0 | 0 | 10 | 140 | 140.00 | 0 | 0 | 0.06 | 4.04 |
| Fine Arts - Classical Music | 0 | 1 | 0 | 0 | 10 | 16 | 16.00 | 0 | 1 | 7.78 | 5.05 |
| Literature - American | 0 | 1 | 0 | 0 | 10 | 112 | 112.00 | 0 | 0 | 1.71 | 6.36 |
| Other Academic | 0 | 1 | 0 | 0 | 10 | 78 | 78.00 | 0 | 0 | 16.67 | 15.00 |
| Philosophy | 0 | 1 | 1 | 0 | 5 | 51 | 51.00 | 1 | 1 | 5.26 | 9.09 |